000
00214nam a2200085Ia 4500
245
0
_a
The Mao Case
100
_a
XIAOLONG, Qiu London, 2009
_9
81680
942
_c
BK
008
210817s9999 xx 000 0 und d
999
_c
292194
_d
292193